[Event "AUTO-INT-883"]
[Site "http://www.queenalice.com/game.php?id=395544"]
[Date "2008.4.29"]
[Round "1"]
[White "Tchecmaurice"]
[Black "Tomatenfreak"]
[Result "1-0"]
[WhiteElo "1617"]
[BlackElo "1602"]

1. Nf3 d5 2. d4 Nc6 3. Nc3 e6 4. e3 f6 5. e4 Nge7 6. Bd3 b6 7. Bb5 Bb7 8. e5 a6
9. exf6 gxf6 10. Bxc6+ Bxc6 11. Qe2 Qd6 12. O-O Bb7 13. g3 O-O-O 14. Bf4 Qd7 15.
b4 Ng6 16. Bd2 Bxb4 17. Nxd5 Qxd5 18. Bxb4 Qxf3 19. Qxf3 Bxf3 20. Bc3 h5 21.
Rfe1 Rhe8 22. Re3 Bb7 23. Rae1 Bd5 24. a4 Bc6 25. a5 Bd5 26. axb6 cxb6 27. Rb1
Kc7 28. Rbe1 a5 29. Ra1 Rc8 30. f4 Kd6 31. Rae1 Ra8 32. f5 Nf8 33. fxe6 Nxe6 34.
Rf1 Ke7 35. Rf5 Bc4 36. d5 Bxd5 37. Rxd5 Rac8 38. Rxh5 Kd6 39. Rd3+ Ke7 40. Rh7+
Kf8 41. Bxf6 Rxc2 42. Rdd7 1-0

[Event "AUTO-INT-883"]
[Site "http://www.queenalice.com/game.php?id=395545"]
[Date "2008.4.29"]
[Round "1"]
[White "Tomatenfreak"]
[Black "Tchecmaurice"]
[Result "1/2-1/2"]
[WhiteElo "1537"]
[BlackElo "1595"]

1. e4 e5 2. Nf3 Nc6 3. c3 d5 4. exd5 Qxd5 5. d4 Nf6 6. c4 Qe4+ 7. Be2 exd4 8.
O-O Bd6 9. Bg5 Bg4 10. Bxf6 Bxf3 11. Bxf3 Qf4 12. Re1+ Kf8 13. Bxc6 bxc6 14.
Bxd4 Qxh2+ 15. Kf1 Qh1+ 16. Ke2 Re8+ 17. Kd2 Bf4+ 18. Be3 Rd8+ 19. Ke2 Qh5+ 20.
f3 Rxd1 21. Rxd1 Qe5 22. Rd3 h5 23. Nd2 Rh6 24. Rd1 Re6 25. Ne4 Bxe3 26. Rxe3
Qxb2+ 27. Rd2 Qc1 28. Rd8+ Ke7 29. Red3 Qxc4 30. Kf2 Qxa2+ 31. Kg3 Rg6+ 32. Kf4
Qxg2 33. R3d7+ Ke6 34. Nc5+ Kf6 35. Ne4+ Ke6 36. Nc5+ Kf6 37. Ne4+ Ke6 1/2-1/2

[Event "AUTO-INT-883"]
[Site "http://www.queenalice.com/game.php?id=395560"]
[Date "2008.4.29"]
[Round "1"]
[White "Leijoto"]
[Black "Tomatenfreak"]
[Result "1-0"]
[WhiteElo "1540"]
[BlackElo "1548"]

1. e4 e5 2. Bc4 Nf6 3. Nf3 Nxe4 4. Nxe5 d5 5. Bd3 Qf6 6. Nf3 Bc5 7. O-O Bg4 8.
Qe1 Bxf3 9. gxf3 Qxf3 10. Be2 Qh3 11. d3 O-O 12. dxe4 dxe4 13. Bf4 Bd6 14. Bxd6
cxd6 15. Nc3 Re8 16. Rd1 Qe6 17. f3 exf3 18. Bxf3 Qg6+ 19. Qg3 Qxc2 20. Rxd6
Qxb2 21. Re1 Rxe1+ 22. Qxe1 g6 23. Qe5 Nc6 24. Qf6 Re8 25. Ne2 Rxe2 26. Bxe2
Qxe2 27. Rd7 Qxa2 28. Rc7 Qb1+ 29. Kg2 Qe4+ 30. Kg1 Qe1+ 31. Kg2 Qe2+ 32. Kg1
Qg4+ 33. Kh1 a5 34. Qxf7+ Kh8 35. Qxh7# 1-0

[Event "AUTO-INT-883"]
[Site "http://www.queenalice.com/game.php?id=395561"]
[Date "2008.4.29"]
[Round "1"]
[White "Tomatenfreak"]
[Black "Leijoto"]
[Result "1-0"]
[WhiteElo "1531"]
[BlackElo "1544"]

1. e4 Nf6 2. d3 g6 3. c3 Bg7 4. Be2 O-O 5. Nf3 d6 6. O-O e5 7. Be3 Bg4 8. Nbd2
Be6 9. b4 Ng4 10. a4 Nd7 11. h3 Nxe3 12. fxe3 b6 13. d4 Bh6 14. Nc4 Nf6 15. Nfd2
c5 16. Qb1 Rb8 17. b5 cxd4 18. exd4 exd4 19. cxd4 Nh5 20. Bxh5 gxh5 21. d5 Bxh3
22. gxh3 Qg5+ 23. Kh1 Kh8 24. Rg1 Qh4 25. Qb2+ f6 26. Ra3 Bxd2 27. Nxd2 Qf2 28.
Rag3 h4 29. R3g2 Qc5 30. Rg8+ Rxg8 31. Qxf6+ Rg7 32. Qxg7# 1-0

[Event "AUTO-INT-883"]
[Site "http://www.queenalice.com/game.php?id=395570"]
[Date "2008.4.29"]
[Round "1"]
[White "paparov"]
[Black "Tomatenfreak"]
[Result "0-1"]
[WhiteElo "1509"]
[BlackElo "1507"]

1. e4 e5 2. c4 Bc5 3. Nf3 d6 4. Be2 Nf6 5. Qb3 Nxe4 6. d4 exd4 7. Bd3 Nf6 8. Bg5
O-O 9. O-O h6 10. Bh4 Nc6 11. Re1 Bg4 12. Nbd2 a5 13. Qxb7 Nb4 14. Qb5 Nxd3 15.
Red1 Re8 16. Nb3 Bxf3 17. gxf3 Nxb2 18. Rdb1 Rb8 0-1

[Event "AUTO-INT-883"]
[Site "http://www.queenalice.com/game.php?id=395571"]
[Date "2008.4.29"]
[Round "1"]
[White "Tomatenfreak"]
[Black "paparov"]
[Result "1-0"]
[WhiteElo "1523"]
[BlackElo "1480"]

1. e4 b6 2. d4 e6 3. Nf3 Bb7 4. Bd3 Bb4+ 5. c3 Be7 6. O-O h6 7. Be3 f6 8. e5 f5
9. Nbd2 d5 10. c4 a6 11. Rc1 Nc6 12. cxd5 Qxd5 13. Bc4 Qd7 14. a3 g5 15. Nb1 f4
16. Bd2 g4 17. Ne1 Qxd4 18. Bxe6 1-0

[Event "AUTO-INT-891"]
[Site "http://www.queenalice.com/game.php?id=398604"]
[Date "2008.5.6"]
[Round "1"]
[White "Tomatenfreak"]
[Black "kierm"]
[Result "0-1"]
[WhiteElo "1608"]
[BlackElo "1546"]

1. e4 e5 2. Nf3 d6 3. Bc4 h6 4. d3 Qe7 5. c3 Be6 6. Qb3 Bxc4 7. Qxb7 Qd8 8. Qxa8
Bxd3 9. Be3 a6 10. Nbd2 Nf6 11. Ba7 Nbd7 12. Qxd8+ Kxd8 13. Nb3 Bxe4 14. Nbd2
Bc6 15. O-O Be7 16. a4 Nh5 17. b4 Bf6 18. Rfb1 Nf4 19. b5 Bb7 20. a5 Ke7 21. Be3
Ne2+ 22. Kf1 Nxc3 23. bxa6 Bxa6+ 24. Ke1 Nxb1 0-1

[Event "AUTO-INT-891"]
[Site "http://www.queenalice.com/game.php?id=398605"]
[Date "2008.5.6"]
[Round "1"]
[White "kierm"]
[Black "Tomatenfreak"]
[Result "1-0"]
[WhiteElo "1526"]
[BlackElo "1628"]

1. e4 e5 2. Qh5 d6 3. Bc4 g6 4. Qf3 Nf6 5. d3 Bg7 6. Bg5 O-O 7. Nc3 c6 8. O-O-O
Bg4 9. Bxf6 Bxf3 10. Bxd8 Bxd1 11. Be7 Re8 12. Kxd1 Rxe7 13. Nf3 Nd7 14. h3 Nf6
15. a3 b5 16. Ba2 a5 17. Ng5 h6 18. Nf3 b4 19. Ne2 Rb8 20. Kd2 bxa3 21. bxa3 Rb2
22. Nc3 Reb7 23. Rc1 Nd7 24. Bc4 1-0

[Event "AUTO-INT-891"]
[Site "http://www.queenalice.com/game.php?id=398606"]
[Date "2008.5.6"]
[Round "1"]
[White "Tomatenfreak"]
[Black "CJ"]
[Result "0-1"]
[WhiteElo "1522"]
[BlackElo "1743"]

1. e4 e5 2. Nf3 Nc6 3. Bc4 Nh6 4. d3 f5 5. Bxh6 gxh6 6. exf5 Qf6 7. Qe2 d6 8. d4
Bxf5 9. c3 e4 10. d5 Ne7 11. Nd4 Rg8 12. Nb5 O-O-O 13. Nxa7+ Kb8 14. Nb5 Rxg2
15. Nd2 e3 16. Qxe3 Nxd5 17. Bxd5 c5 18. Bxg2 Bg6 19. O-O-O Re8 20. Qg3 Qf5 21.
Na3 Kc7 22. Qf3 Rb8 23. Qxf5 Bxf5 24. Ndc4 h5 25. Nb5+ Kd7 0-1

[Event "AUTO-INT-891"]
[Site "http://www.queenalice.com/game.php?id=398607"]
[Date "2008.5.6"]
[Round "1"]
[White "CJ"]
[Black "Tomatenfreak"]
[Result "1-0"]
[WhiteElo "1735"]
[BlackElo "1530"]

1. e4 e5 2. Nf3 Nf6 3. Nxe5 d6 4. Nxf7 Kxf7 5. Qf3 Be7 6. Bc4+ Kf8 7. Nc3 Nc6 8.
O-O Ne5 9. Qe2 Bg4 10. f3 Bh5 11. g4 Bf7 12. d3 Bxc4 13. dxc4 c6 14. g5 Nfd7 15.
f4 Nf7 16. b3 a5 17. f5 Bxg5 18. Ba3 Qf6 19. Bb2 Qh6 20. Qg2 Nde5 21. Rad1 Bf4
22. Ne2 Be3+ 23. Kh1 Rd8 24. Ng3 Ng4 25. f6 1-0

[Event "Challenge"]
[Site "http://www.queenalice.com/game.php?id=399638"]
[Date "2008.5.8"]
[Round "-"]
[White "Tomatenfreak"]
[Black "pierjean"]
[Result "1-0"]
[WhiteElo "1585"]
[BlackElo "1433"]

1. e4 c5 2. Nf3 Nf6 3. d3 d6 4. c3 h6 5. Be2 Nc6 6. O-O e5 7. h3 Bd7 8. Be3 g5
9. Nbd2 Rg8 10. Kh1 a6 11. a4 b6 12. Qb1 Ne7 13. b4 b5 14. bxc5 dxc5 15. Bxc5
Ng6 16. Bxf8 Rxf8 17. d4 Bc6 18. axb5 axb5 19. Rxa8 Qxa8 20. Bxb5 Nd7 21. d5
Bxb5 22. Qxb5 f6 23. Nb3 Rf7 24. Ra1 Qc8 25. c4 Re7 26. c5 Qb8 27. Qxb8+ Nxb8
28. Ra8 Rb7 29. Na5 Rb1+ 30. Kh2 Ne7 31. c6 Kd8 32. d6 Ng6 33. c7+ Kc8 34.
cxb8=B Rxb8 35. Rxb8+ Kd7 36. Nc4 h5 37. Rb7+ Kc6 38. Rc7+ 1-0

[Event "AUTO-INT-862"]
[Site "http://www.queenalice.com/game.php?id=441298"]
[Date "2008.7.30"]
[Round "2"]
[White "lucasalex"]
[Black "Tomatenfreak"]
[Result "1-0"]
[WhiteElo "2013"]
[BlackElo "1593"]

1. e4 e5 2. Nf3 Nf6 3. Nxe5 d6 4. Nf3 Nxe4 5. Qe2 Qe7 6. d3 Nf6 7. Bg5 Qxe2+ 8.
Bxe2 Be7 9. Nbd2 O-O 10. d4 Be6 11. O-O 1-0